000 00525nam a2200193Ia 4500
003 OSt
005 20250122105435.0
008 210716s1988 xx 000 0 und d
020 _a0425110923
040 _cAIMIT LIBRARY
041 _aeng
082 _a808.83
_21
_bPRIE
100 _aPrice, Eugenia.
_9194483
245 _aBefore the darkness falls /
_cBy Eugenia Price.
250 _a1st ed.
260 _aNew York :
_bBerkley Books ;
_c1988.
300 _a552p. ;
_bPB
_c17 cm.
942 _2ddc
_cBK
_e1st ed.
_k808.83 PRIE
999 _c200305
_d200305